000 00327nam a2200133Ia 4500
008 220204s9999 xx 000 0 und d
082 _a541.18.051.3
_bBEC
100 _aBecher, Paul
245 0 _aEmulsions: Theory and practice
250 _aEd.2
260 _aNew York
_bKreiger Pub
_c1977
650 _aEmulsion
942 _cBK
999 _c31261
_d31261